Statistics for Indiana Pacers 2017-18 Most Games Leading Team in Scoring

Click here to take the quiz!

General Stats

  • This quiz has been taken 37 times
  • The average score is 6 of 10

Answer Stats

PlayerGames% Correct
Victor Oladipo47
100%
Myles Turner7
90%
Domantas Sabonis4
80%
Darren Collison9
73%
Bojan Bogdanovic11
70%
Thaddeus Young5
67%
Joe Young1
67%
Lance Stephenson2
40%
T.J. Leaf2
33%
Glenn Robinson III2
27%

Score Distribution

Percentile by Number Answered

Percent of People with Each Score

Your Score History

You have not taken this quiz